[Event "CHN-chT DivA"]
[Site "Fuling"]
[Date "2023.06.10"]
[Round "5.6"]
[White "Wei, Yi"]
[Black "Kong, Xiangrui"]
[Result "1-0"]
[WhiteElo "2722"]
[BlackElo "2273"]
[PlyCount "69"]
[EventDate "2023.06.05"]
[EventType "team-tourn"]
[EventRounds "11"]
[EventCountry "CHN"]
[SourceTitle "CBM 214 Extra"]
[Source "ChessBase"]
[SourceDate "2023.07.31"]
[SourceVersion "1"]
[SourceVersionDate "2023.07.31"]
[SourceQuality "1"]
[WhiteTeam "Jiangsu"]
[BlackTeam "Hangzhou"]
[WhiteTeamCountry "CHN"]
[BlackTeamCountry "CHN"]

1. d4 d5 2. c4 c6 3. Nf3 Nf6 4. Nc3 e6 5. e3 Nbd7 6. Qc2 Bd6 7. Rg1 e5 8. g4 h6 9. Be2 dxc4 10. Bd2 exd4 11. Nxd4 Ne5 12. 0-0-0 Qe7 13. f4 Nexg4 14. Bxc4 Bc5 15. Rde1 g6 16. Na4 Bb4 17. Bxb4 Qxb4 18. a3 Qd6 19. h3 b5 20. Bxb5 cxb5 21. Nxb5 Qe7 22. Qc6+ Kf8 23. Qxa8 Kg7 24. hxg4 Bxg4 25. Qxa7 Qxa7 26. Nxa7 Ra8 27. e4 h5 28. Nc6 Rxa4 29. Ne5 Bc8 30. f5 Nxe4 31. b3 Rd4 32. fxg6 f6 33. Nf3 Rd3 34. Rxe4 Rxf3 35. Re7+ 1-0

[Event "CHN-ch sf"]
[Site "Hefei"]
[Date "2023.04.25"]
[Round "5"]
[White "Chen, Zimu"]
[Black "Kong, Xiangrui"]
[Result "0-1"]
[WhiteElo "1823"]
[BlackElo "2193"]
[PlyCount "124"]
[EventDate "2023.04.23"]
[EventType "swiss"]
[EventRounds "11"]
[EventCountry "CHN"]
[SourceTitle "CBM 214 Extra"]
[Source "ChessBase"]
[SourceDate "2023.07.31"]
[SourceVersion "1"]
[SourceVersionDate "2023.07.31"]
[SourceQuality "1"]

1. Nf3 d5 2. g3 c5 3. Bg2 Nf6 4. 0-0 e6 5. d4 cxd4 6. Nxd4 e5 7. Nb3 Be6 8. Nc3 Be7 9. Bg5 Nbd7 10. e4 dxe4 11. Nxe4 Qc7 12. Bxf6 Nxf6 13. Nxf6+ Bxf6 14. Bd5 Rd8 15. c4 Bxd5 16. cxd5 Qc4 17. Rc1 Qxd5 18. Qxd5 Rxd5 19. Rc7 Rd7 20. Rc8+ Bd8 21. Nc5 Rc7 22. Rxc7 Bxc7 23. Nxb7 Ke7 24. Rc1 Bb6 25. b4 Rb8 26. Nc5 Rc8 27. Kf1 Bxc5 28. bxc5 a5 29. Rc3 Rc6 30. a4 h5 31. h4 Ke6 32. Ke2 g6 33. Kd3 Kd5 34. Rb3 Rxc5 35. Rb7 Ke6 36. Ra7 f6 37. Ra6+ Kf5 38. f3 Rd5+ 39. Ke3 Rc5 40. g4+ hxg4 41. fxg4+ Kxg4 42. Rxf6 Kh5 43. Ra6 e4 44. Kd4 Rc1 45. Kxe4 Rc4+ 46. Kf3 Rxa4 47. Kg3 Rg4+ 48. Kh3 Rxh4+ 49. Kg3 Ra4 50. Rc6 Ra3+ 51. Kg2 a4 52. Rc4 Ra2+ 53. Kg1 a3 54. Rc3 Kg4 55. Rb3 Kf4 56. Rb4+ Kf5 57. Rb5+ Kg4 58. Rb4+ Kh5 59. Rb3 g5 60. Rh3+ Kg4 61. Rb3 Kh4 62. Rc3 g4 0-1

[Event "CHN-ch sf"]
[Site "Hefei"]
[Date "2023.04.24"]
[Round "4"]
[White "Kong, Xiangrui"]
[Black "Liang, Yewang"]
[Result "1-0"]
[WhiteElo "2193"]
[BlackElo "1691"]
[PlyCount "67"]
[EventDate "2023.04.23"]
[EventType "swiss"]
[EventRounds "11"]
[EventCountry "CHN"]
[SourceTitle "CBM 214 Extra"]
[Source "ChessBase"]
[SourceDate "2023.07.31"]
[SourceVersion "1"]
[SourceVersionDate "2023.07.31"]
[SourceQuality "1"]

1. e4 c5 2. Nf3 d6 3. d4 cxd4 4. Nxd4 Nf6 5. Nc3 a6 6. Be3 e5 7. Nb3 Be6 8. h3 Nc6 9. Qf3 Rc8 10. 0-0-0 Na5 11. Nd5 Bxd5 12. exd5 Nd7 13. Kb1 Nc4 14. g4 Be7 15. Bxc4 Rxc4 16. Nd2 Rc8 17. Ne4 Nf6 18. Ng3 g6 19. Bh6 Bf8 20. Bg5 Be7 21. h4 Nd7 22. Bh6 Bf8 23. Be3 Bg7 24. Ne4 Qe7 25. h5 Rg8 26. hxg6 hxg6 27. Rh7 Kd8 28. Bg5 f6 29. Nxf6 Rf8 30. Nxd7 Rxf3 31. Bxe7+ Kxe7 32. Rxg7+ Rf7 33. Rxf7+ Kxf7 34. Rh1 1-0

[Event "CHN-ch sf"]
[Site "Hefei"]
[Date "2023.04.24"]
[Round "3"]
[White "Xiong, Junyi"]
[Black "Kong, Xiangrui"]
[Result "0-1"]
[WhiteElo "1579"]
[BlackElo "2193"]
[PlyCount "66"]
[EventDate "2023.04.23"]
[EventType "swiss"]
[EventRounds "11"]
[EventCountry "CHN"]
[SourceTitle "CBM 214 Extra"]
[Source "ChessBase"]
[SourceDate "2023.07.31"]
[SourceVersion "1"]
[SourceVersionDate "2023.07.31"]
[SourceQuality "1"]

1. d4 d5 2. Nf3 Nf6 3. g3 c5 4. c3 Nc6 5. Bg2 cxd4 6. cxd4 Bf5 7. 0-0 e6 8. Nc3 h6 9. Bf4 Be7 10. Ne5 Rc8 11. a3 0-0 12. Rc1 Na5 13. Na4 Nd7 14. b4 Nxe5 15. dxe5 Nc4 16. Qb3 b5 17. Nb2 g5 18. Be3 d4 19. Rfd1 Nxe3 20. fxe3 Qb6 21. Rxc8 Rxc8 22. Rxd4 Bc2 23. Qa2 Qc7 24. Nc4 Bg6 25. Nd2 Qc1+ 26. Kf2 Rc2 27. Nb3 Qxe3+ 28. Kxe3 Rxa2 29. Nc5 Rxa3+ 30. Kd2 a5 31. Rd7 Kf8 32. Rb7 axb4 33. Nd3 Bxd3 0-1

[Event "China zt 3.5"]
[Site "Shenzhen"]
[Date "2023.04.07"]
[Round "3"]
[White "Kong, Xiangrui"]
[Black "Meng, Yihan"]
[Result "1-0"]
[WhiteElo "2193"]
[BlackElo "1896"]
[PlyCount "61"]
[EventDate "2023.04.05"]
[EventType "swiss"]
[EventRounds "9"]
[EventCountry "CHN"]
[SourceTitle "CBM 213 Extra"]
[Source "ChessBase"]
[SourceDate "2023.05.31"]
[SourceVersion "1"]
[SourceVersionDate "2023.05.31"]
[SourceQuality "1"]

1. e4 c5 2. Nf3 e6 3. d4 cxd4 4. Nxd4 Nf6 5. Nc3 Nc6 6. a3 d5 7. Bb5 Bd7 8. exd5 exd5 9. 0-0 Be7 10. Be2 0-0 11. Be3 Rc8 12. Nxc6 bxc6 13. Bxa7 c5 14. Nxd5 Nxd5 15. Qxd5 Rc6 16. Rad1 Rd6 17. Qb3 Be6 18. Qb5 Qc7 19. Qxc5 Rc6 20. Qe3 Bd6 21. g3 Rxc2 22. Bd4 Re8 23. Bd3 Rc6 24. Rfe1 Re7 25. Qg5 f5 26. Bxf5 Bxf5 27. Rxe7 Qxe7 28. Qxf5 Qe8 29. Qd5+ Kh8 30. Bc3 h5 31. Re1 1-0

[Event "FIDE Youth Super Final U12"]
[Site "Tornelo INT"]
[Date "2021.12.19"]
[Round "3"]
[White "Samunenkov, Igor"]
[Black "Kong, Xiangrui"]
[Result "1-0"]
[WhiteElo "2369"]
[BlackElo "1950"]
[PlyCount "103"]
[EventDate "2021.12.18"]
[EventType "tourn (rapid)"]
[EventRounds "10"]
[EventCountry "NET"]
[SourceTitle "EXT 2023"]
[Source "ChessBase"]
[SourceDate "2022.10.05"]
[SourceVersion "1"]
[SourceVersionDate "2022.10.05"]
[SourceQuality "1"]

1. d4 d5 2. Nc3 Nf6 3. Bf4 c5 4. e4 dxe4 5. dxc5 Nbd7 6. Bb5 a6 7. c6 bxc6 8. Bxc6 Ra7 9. Be3 Rb7 10. Bxb7 Bxb7 11. h3 e6 12. Nge2 Be7 13. 0-0 0-0 14. Ng3 Qc7 15. Qd4 Bd6 16. Ngxe4 Be5 17. Nxf6+ Bxf6 18. Qg4 Ne5 19. Qg3 Qc6 20. Bg5 Bxg5 21. Qxg5 f5 22. f3 Nc4 23. b3 Qc5+ 24. Rf2 Ne5 25. Na4 Qd4 26. c3 Qa7 27. Re1 Nd3 28. Qe3 Qxe3 29. Rxe3 Nxf2 30. Kxf2 Kf7 31. Nc5 Bc8 32. f4 h6 33. Rd3 Ke7 34. b4 g5 35. g3 Rg8 36. a4 h5 37. b5 axb5 38. axb5 h4 39. b6 hxg3+ 40. Kxg3 gxf4+ 41. Kxf4 Kf6 42. b7 e5+ 43. Ke3 f4+ 44. Kf2 Bxb7 45. Nxb7 e4 46. Rd4 Ke5 47. Nc5 e3+ 48. Kf1 Rc8 49. Nd3+ Kf5 50. Rxf4+ Kg5 51. h4+ Kh5 52. c4 1-0

[Event "FIDE Youth Super Final U12"]
[Site "Tornelo INT"]
[Date "2021.12.18"]
[Round "2"]
[White "Kong, Xiangrui"]
[Black "Mrinmoy, Rajkhowa"]
[Result "0-1"]
[WhiteElo "1950"]
[BlackElo "1634"]
[PlyCount "94"]
[EventDate "2021.12.18"]
[EventType "tourn (rapid)"]
[EventRounds "10"]
[EventCountry "NET"]
[SourceTitle "EXT 2023"]
[Source "ChessBase"]
[SourceDate "2022.10.05"]
[SourceVersion "1"]
[SourceVersionDate "2022.10.05"]
[SourceQuality "1"]

1. e4 c5 2. Nf3 d6 3. d4 cxd4 4. Nxd4 Nf6 5. Nc3 a6 6. h3 e6 7. g4 d5 8. Nde2 Nc6 9. exd5 Nxd5 10. Nxd5 exd5 11. Bg2 Be6 12. Be3 Bd6 13. Qd2 0-0 14. 0-0-0 Qc7 15. Kb1 Rac8 16. Nd4 Ne5 17. Qe2 Nc4 18. Bc1 Qb6 19. Ka1 Bf4 20. c3 Bxc1 21. Rxc1 Rfe8 22. Rhe1 h6 23. Qc2 Qd6 24. Qd3 Bd7 25. b3 Ne5 26. Qd2 Ng6 27. Kb2 Nf4 28. Bf1 a5 29. Rxe8+ Rxe8 30. Re1 Rxe1 31. Qxe1 g5 32. Qe3 f6 33. c4 dxc4 34. Bxc4+ Kf8 35. a3 Nxh3 36. f3 Nf4 37. Qd2 Qe5 38. b4 b5 39. Bf1 Ne6 40. Kc3 Ke7 41. Bg2 a4 42. Qf2 Qc7+ 43. Kb2 Qe5 44. Kc3 Bc6 45. Kd3 Qd5 46. Qb2 Be8 47. Ke3 Qe5+ 0-1

[Event "China zt 3.5"]
[Site "Shaoxing"]
[Date "2021.05.29"]
[Round "7"]
[White "Jiang, Qinyu"]
[Black "Kong, Xiangrui"]
[Result "1/2-1/2"]
[WhiteElo "2122"]
[BlackElo "1815"]
[PlyCount "114"]
[EventDate "2021.05.23"]
[EventType "swiss"]
[EventRounds "9"]
[EventCountry "CHN"]
[SourceTitle "CBM 202 Extra"]
[Source "ChessBase"]
[SourceDate "2021.07.31"]
[SourceVersion "1"]
[SourceVersionDate "2021.07.31"]
[SourceQuality "1"]

1. Nf3 d5 2. g3 c5 3. Bg2 Nf6 4. 0-0 e6 5. d4 cxd4 6. Nxd4 e5 7. Nf3 Nc6 8. c4 d4 9. e3 Be7 10. exd4 exd4 11. b4 Nxb4 12. Nxd4 0-0 13. Be3 Ng4 14. Nc3 Nxe3 15. fxe3 Bg5 16. Re1 Qe7 17. Kh1 Be6 18. Nd5 Bxd5 19. cxd5 Bf6 20. Qb3 Na6 21. Rad1 Rad8 22. Nb5 Qb4 23. Nxa7 Qxb3 24. axb3 Be5 25. Bf1 Nc5 26. Bc4 Ne4 27. Kg1 Nc3 28. Rd3 Ra8 29. Nb5 Nxb5 30. Bxb5 Bd6 31. e4 f6 32. Bd7 Kf7 33. Re2 Ra1+ 34. Kg2 Rfa8 35. Rc3 R1a2 36. Rcc2 R2a3 37. Re3 Ra2 38. Rec3 Be5 39. Rc4 Ke7 40. Ba4 Rxc2+ 41. Rxc2 Kd8 42. Bb5 Ra1 43. Be2 Rb1 44. Bg4 Rb2 45. Rxb2 Bxb2 46. Bf5 g6 47. Be6 Be5 48. Bg8 h6 49. Bh7 g5 50. Kf3 Ke7 51. Kg4 Bd4 52. Kf5 h5 53. Bg6 h4 54. gxh4 gxh4 55. h3 Be5 56. Bh5 Bg3 57. Be2 Be5 1/2-1/2

[Event "China zt 3.5"]
[Site "Shaoxing"]
[Date "2021.05.27"]
[Round "5"]
[White "Lin, Yi1111"]
[Black "Kong, Xiangrui"]
[Result "1/2-1/2"]
[WhiteElo "2408"]
[BlackElo "1815"]
[PlyCount "82"]
[EventDate "2021.05.23"]
[EventType "swiss"]
[EventRounds "9"]
[EventCountry "CHN"]
[SourceTitle "CBM 202 Extra"]
[Source "ChessBase"]
[SourceDate "2021.07.31"]
[SourceVersion "1"]
[SourceVersionDate "2021.07.31"]
[SourceQuality "1"]

1. d4 d5 2. c4 c6 3. Nf3 Nf6 4. e3 e6 5. b3 Nbd7 6. Bb2 Bb4+ 7. Nbd2 Ne4 8. a3 Bd6 9. Bd3 f5 10. 0-0 0-0 11. Ne5 Bxe5 12. dxe5 Ndc5 13. Nxe4 fxe4 14. Bc2 b6 15. b4 Nd7 16. f3 exf3 17. Rxf3 Rxf3 18. Qxf3 Qe7 19. Rf1 Bb7 20. Qh5 Nf8 21. Bc3 g6 22. Qg4 Qg7 23. h4 c5 24. bxc5 bxc5 25. Rb1 Bc6 26. cxd5 Bxd5 27. e4 Bc4 28. Qg5 Re8 29. Ba4 Re7 30. Rb8 Rf7 31. Kh2 Rf2 32. Qe3 Qf7 33. Kg3 Ra2 34. Qxc5 Rxg2+ 35. Kxg2 Qf1+ 36. Kh2 Qe2+ 37. Kg3 Qd3+ 38. Kf4 Qf1+ 39. Kg3 Qd3+ 40. Kf4 Qf1+ 41. Kg3 Qd3+ 1/2-1/2